Bí quyết kinh doanh phương đông

محفوظ في:
التفاصيل البيبلوغرافية
المؤلف الرئيسي: Dương Sở Dân
التنسيق: كتاب
اللغة:Undetermined
منشور في: H. Thế Giới 2003
الموضوعات:
الوسوم: إضافة وسم
لا توجد وسوم, كن أول من يضع وسما على هذه التسجيلة!
Thư viện lưu trữ: Trung tâm Học liệu Trường Đại học Cần Thơ
LEADER 00565nam a2200193Ia 4500
001 CTU_58025
008 210402s9999 xx 000 0 und d
020 |b 27500 
082 |a 658.47 
082 |b D121 
100 |a Dương Sở Dân 
245 0 |a Bí quyết kinh doanh phương đông 
245 0 |c Dương Sở Dân; Trần Thị Kiều Minh biên dịch 
260 |a H. 
260 |b Thế Giới 
260 |c 2003 
650 |a business intelligence 
904 |i Minh 
980 |a Trung tâm Học liệu Trường Đại học Cần Thơ